Choix de poèmes / (Record no. 105952)

MARC details
000 -LEADER
campo de control de longitud fija 00585nam a2200205 i 4500
001 - NÚMERO DE CONTROL
campo de control 105952
003 - IDENTIFICADOR DE NÚMERO DE CONTROL
campo de control ES-MaACL
007 - CAMPO FIJO DE DESCRIPCIÓN FÍSICA--INFORMACIÓN GENERAL
campo de control de longitud fija t|
008 - DATOS DE LONGITUD FIJA--INFORMACIÓN GENERAL
campo de control de longitud fija 060914s1963 fr ||||1| fre d
080 ## - NÚMERO DE LA CLASIFICACIÓN DECIMAL UNIVERSAL
Número de la Clasificación Decimal Universal 821.133.1-14"19"
100 1# - ENTRADA PRINCIPAL--NOMBRE DE PERSONA
Nombre de persona Eluard, Paul.
9 (RLIN) 47116
245 10 - MENCIÓN DEL TÍTULO
Título Choix de poèmes /
Mención de responsabilidad, etc. Paul Eluard.
260 ## - PUBLICACIÓN, DISTRIBUCIÓN, ETC.
Lugar de publicación, distribución, etc. [Paris] :
Nombre del editor, distribuidor, etc. Gallimard,
Fecha de publicación, distribución, etc. [1963]
300 ## - DESCRIPCIÓN FÍSICA
Extensión 446 p. ;
Dimensiones 17 cm.
490 1# - MENCIÓN DE SERIE
Mención de serie Le livre de poche ;
Designación de volumen o secuencia 1003-1004
500 ## - NOTA GENERAL
Nota general Biblioteca Juan Andrade.
830 03 - PUNTO DE ACCESO ADICIONAL DE SERIE-TÍTULO UNIFORME
Título uniforme Le livre de poche
Designación de volumen o secuencia 1003-1004
9 (RLIN) 179656
852 ## - LOCALIZACIÓN
Ubicación ES-MaACL
Número de control de estantería AND-962
Sublocalización o colección R.110250
Holdings
Estatus retirado Estado de pérdida Estado de daño No para préstamo Biblioteca de origen Biblioteca actual Ubicación en estantería Fecha de adquisición Fuente de adquisición Total de préstamos Signatura topográfica completa Código de barras Visto por última vez Precio de reemplazo Tipo de ítem Koha
        Biblioteca del Ateneo de Madrid Biblioteca del Ateneo de Madrid Depósito 2 17/01/2008     AND-962 1110614 23/02/2023 23/02/2023 Libro impreso